[Event "TCh-FRA Top 12 2021"]
[Site "Chalons en Champagne FRA"]
[Date "2021.07.02"]
[Round "9.3"]
[Board "1"]
[White "Rodshtein, Maxim"]
[Black "Apicella, Manuel"]
[Result "1/2-1/2"]
[WhiteTitle "GM"]
[BlackTitle "GM"]
[WhiteElo "2614"]
[BlackElo "2506"]
[WhiteTeam "Bischwiller"]
[BlackTeam "Grasse Echecs"]
[WhiteFideId "2806851"]
[BlackFideId "600164"]
[EventDate "2021.06.24"]

1. e4 e6 2. d4 d5 3. Nc3 Nf6 4. e5 Nfd7 5. f4 c5 6. Nf3 Nc6 7. Be3 a6 8. Qd2 b5
9. Bd3 b4 10. Na4 c4 11. Be2 c3 12. Qd1 cxb2 13. Nxb2 a5 14. O-O Nb6 15. g4 h5
16. gxh5 Ne7 17. Nh4 Nf5 18. Nxf5 exf5 19. Rf2 a4 20. Rb1 Rh6 21. Bd2 Ba6 22.
Nd3 Bc4 23. Nxb4 Bxe2 24. Qxe2 Nc4 25. Be1 Rb8 26. Qf3 Rb5 27. Rg2 Qb6 28. c3
Bxb4 29. cxb4 Qxd4+ 30. Bf2 Qe4 31. Qxe4 fxe4 32. Rxg7 Rxh5 33. Bc5 Nd2 34. Rd1
Nf3+ 35. Kf2 d4 36. Bxd4 Rd5 37. Ke3 Rxh2 38. Kxe4 Rxd4+ 39. Rxd4 Nxd4 40. Kxd4
Rxa2 41. Rg8+ Kd7 42. Ra8 a3 43. Ra7+ Ke6 44. Ra6+ Kd7 45. b5 Kc7 46. Ke4 Ra1
47. Kf5 a2 48. Rc6+ Kd7 49. Rc2 Ke7 50. Rc7+ Ke8 51. Ra7 Rb1 52. Rxa2 Rxb5 53.
Kg5 Kf8 54. Ra7 Kg7 55. Rd7 Ra5 56. Kg4 Kf8 57. Kf5 Ra4 58. Kg5 f6+ 59. Kxf6
Rxf4+ 60. Ke6 Re4 61. Rd8+ Kg7 62. Kd6 Kf7 63. Rd7+ Ke8 64. Rh7 Re1 65. Ke6 Kf8
66. Rh8+ Kg7 67. Re8 Ra1 68. Rd8 Re1 69. Rd5 Kf8 70. Kd6 Kf7 71. Rd2 Re3 72.
Rf2+ Ke8 73. Ra2 Kf7 1/2-1/2

[Event "TCh-FRA Top 12 2021"]
[Site "Chalons en Champagne FRA"]
[Date "2021.07.02"]
[Round "9.3"]
[Board "2"]
[White "Wirig, Anthony"]
[Black "Bacrot, Etienne"]
[Result "1/2-1/2"]
[WhiteTitle "GM"]
[BlackTitle "GM"]
[WhiteElo "2500"]
[BlackElo "2678"]
[WhiteTeam "Grasse Echecs"]
[BlackTeam "Bischwiller"]
[WhiteFideId "615013"]
[BlackFideId "605506"]
[EventDate "2021.06.24"]

1. e4 e5 2. Nf3 Nc6 3. Bb5 Nf6 4. O-O Nxe4 5. d4 Nd6 6. dxe5 Nxb5 7. a4 Nbd4 8.
Nxd4 d5 9. exd6 Nxd4 10. Qxd4 Qxd6 1/2-1/2

[Event "TCh-FRA Top 12 2021"]
[Site "Chalons en Champagne FRA"]
[Date "2021.07.02"]
[Round "9.3"]
[Board "3"]
[White "Naiditsch, Arkadij"]
[Black "Loiseau, Quentin"]
[Result "1/2-1/2"]
[WhiteTitle "GM"]
[BlackTitle "IM"]
[WhiteElo "2649"]
[BlackElo "2459"]
[WhiteTeam "Bischwiller"]
[BlackTeam "Grasse Echecs"]
[WhiteFideId "4650891"]
[BlackFideId "665274"]
[EventDate "2021.06.24"]

1. c4 c6 2. Nf3 d5 3. e3 Nf6 4. Nc3 e6 5. b3 Bd6 6. Bb2 O-O 7. Qc2 e5 8. cxd5
cxd5 9. Nb5 Nc6 10. Nxd6 Qxd6 11. Rc1 Bg4 12. h3 Bxf3 13. gxf3 Rac8 14. Bg2 Qe6
15. Qb1 Ne7 16. Rxc8 Rxc8 17. h4 Re8 18. h5 h6 19. Rh4 Nd7 20. d4 Qf6 21. Rg4
Nc6 22. Kf1 exd4 23. Bxd4 Nxd4 24. Rxd4 Qa6+ 25. Kg1 Nf6 26. Ra4 Qe2 27. Qf5 a6
28. Bf1 Qb2 29. Bd3 Qc3 30. Rd4 Re6 31. Kg2 Re8 32. Bb1 Qb2 33. Qd3 Re5 34. f4
Rxh5 35. Qc2 Qxc2 36. Bxc2 g5 37. a4 gxf4 38. exf4 b6 39. Rb4 Nd7 40. Bd1 a5 41.
Rd4 Rh4 42. Rxd5 Nc5 43. Rd6 Rxf4 44. Rxb6 Nd3 45. Kg3 Rxf2 46. Rd6 Rd2 47. Bf3
f5 48. Rd5 Kg7 49. Rxf5 Nc1 50. Rxa5 Nxb3 51. Ra8 Ra2 52. Kf4 Kf6 53. Bd5 Ra3
54. Ra6+ Kg7 55. Ke5 Nc5 56. Ra7+ Kg6 57. a5 Nb3 58. Be4+ Kh5 59. a6 Nc5 60. Bb7
Kh4 61. Kd4 Nxa6 62. Bxa6 h5 63. Kc5 Ra2 64. Ra8 Ra1 65. Kb6 Kg3 66. Rg8+ Kf4
67. Rh8 Rh1 68. Kc5 h4 69. Kd4 h3 70. Rf8+ Kg5 71. Bb7 Rb1 72. Be4 h2 73. Rh8
Rb2 74. Ke3 Kg4 75. Bd5 Kg3 76. Rg8+ Kh4 77. Rg7 Rb1 78. Rh7+ Kg3 79. Rg7+ Kh4
80. Rg8 Rb2 81. Kf4 Rf2+ 82. Ke5 Re2+ 83. Kf4 1/2-1/2

[Event "TCh-FRA Top 12 2021"]
[Site "Chalons en Champagne FRA"]
[Date "2021.07.02"]
[Round "9.3"]
[Board "4"]
[White "Milliet, Sophie"]
[Black "Ragger, Markus"]
[Result "0-1"]
[WhiteTitle "IM"]
[BlackTitle "GM"]
[WhiteElo "2407"]
[BlackElo "2680"]
[WhiteTeam "Grasse Echecs"]
[BlackTeam "Bischwiller"]
[WhiteFideId "623725"]
[BlackFideId "1610856"]
[EventDate "2021.06.24"]

1. e4 e6 2. d4 d5 3. Nc3 Bb4 4. exd5 exd5 5. Bd3 Nf6 6. Ne2 O-O 7. O-O Re8 8. a3
Bf8 9. Ng3 c6 10. Bg5 h6 11. Bf4 Nbd7 12. Qd2 Nb6 13. Rae1 Be6 14. Be5 Ng4 15.
Bf4 Nf6 16. Be5 Nfd7 17. f4 f6 18. f5 fxe5 19. dxe5 d4 20. fxe6 dxc3 21. Qf4 Nc5
22. Bg6 Nxe6 23. Qf7+ Kh8 24. Ne4 Ng5 25. Nxg5 Qxg5 26. b4 Be7 27. Bd3 Rf8 28.
Qe6 Nd5 29. h4 Qg3 30. Rxf8+ 0-1

[Event "TCh-FRA Top 12 2021"]
[Site "Chalons en Champagne FRA"]
[Date "2021.07.02"]
[Round "9.3"]
[Board "5"]
[White "Fressinet, Laurent"]
[Black "Travadon, Loic"]
[Result "0-1"]
[WhiteTitle "GM"]
[BlackTitle "IM"]
[WhiteElo "2638"]
[BlackElo "2415"]
[WhiteTeam "Bischwiller"]
[BlackTeam "Grasse Echecs"]
[WhiteFideId "608742"]
[BlackFideId "26092131"]
[EventDate "2021.06.24"]

1. d4 d5 2. c4 e6 3. Nf3 Nf6 4. Nc3 Bb4 5. Bg5 h6 6. Bxf6 Qxf6 7. Qa4+ Nc6 8. e3
O-O 9. Be2 dxc4 10. O-O Bd6 11. Qxc4 Qg6 12. Rac1 e5 13. Bd3 Qh5 14. d5 Ne7 15.
Ne4 Bf5 16. Nxd6 Bxd3 17. Qxd3 cxd6 18. Rc7 Ng6 19. Rxb7 Rae8 20. Qe4 Kh8 21.
Rc1 f5 22. Qa4 e4 23. Rcc7 Rc8 24. Qd7 Rxc7 25. Rxc7 Rg8 26. Nd2 f4 27. Qf7 fxe3
28. fxe3 Qd1+ 29. Nf1 Ne5 30. Qf4 a5 31. h3 Qxd5 32. Ng3 Re8 33. Qxe4 Qxa2 34.
Nf5 Rf8 35. Nxd6 Qxb2 36. Nf5 a4 37. Nd4 Re8 38. Qf4 a3 39. Qg3 Rg8 40. Qxe5 a2
41. Ra7 a1=Q+ 42. Rxa1 Qxa1+ 43. Kh2 Qb2 44. Qf4 Qb6 45. Qe5 Qg6 46. Qg3 Qf7 47.
Qf4 Qd7 48. Nf5 Re8 49. e4 Qe6 50. Ng3 Qe7 51. Qg4 Kh7 52. h4 Kh8 53. Nf5 Qe5+
54. Kh3 Qf6 55. h5 Kh7 56. Nh4 Re5 57. Nf3 Rc5 58. e5 Qc6 59. Qf4 Kg8 60. Qf5
Qe8 61. Kh2 Qf7 62. g4 Qxf5 63. gxf5 Rc4 64. Kg3 Re4 65. Kh3 Kf7 66. Kg3 Ke7 67.
Kh3 Kd7 68. Kg3 Kc6 69. f6 gxf6 70. exf6 Kd7 71. Nh2 Re5 72. Kh4 Re1 73. Kg3
Rg1+ 74. Kh4 Ke6 75. Nf3 Rg8 76. Nh2 Kxf6 77. Ng4+ Kg7 78. Ne3 Kh7 79. Ng4 Rg5
80. Ne3 Kg7 81. Ng4 Ra5 82. Ne3 Ra4+ 83. Ng4 Ra1 84. Ne3 Kf6 85. Ng4+ Kf5 86.
Nxh6+ Kf4 87. Kh3 Rh1+ 88. Kg2 Rxh5 89. Nf7 Rd5 0-1

[Event "TCh-FRA Top 12 2021"]
[Site "Chalons en Champagne FRA"]
[Date "2021.07.02"]
[Round "9.3"]
[Board "7"]
[White "Bellahcene, Bilel"]
[Black "Debray, Christopher"]
[Result "1/2-1/2"]
[WhiteTitle "GM"]
[BlackTitle "IM"]
[WhiteElo "2499"]
[BlackElo "2367"]
[WhiteTeam "Bischwiller"]
[BlackTeam "Grasse Echecs"]
[WhiteFideId "696358"]
[BlackFideId "630810"]
[EventDate "2021.06.24"]

1. e4 e5 2. Nf3 Nf6 3. Nxe5 d6 4. Nf3 Nxe4 5. d4 d5 6. Bd3 Nc6 7. O-O Be7 8. Re1
Bg4 9. c4 Nf6 10. cxd5 Bxf3 11. Qxf3 Qxd5 12. Qh3 Qxd4 13. Nc3 Ng4 14. Rf1 h5 1/2-1/2

[Event "TCh-FRA Top 12 2021"]
[Site "Chalons en Champagne FRA"]
[Date "2021.07.02"]
[Round "9.3"]
[Board "8"]
[White "Janzelj, Lara"]
[Black "Le Roux, Jean-Pierre"]
[Result "0-1"]
[WhiteTitle "WIM"]
[BlackTitle "GM"]
[WhiteElo "2185"]
[BlackElo "2524"]
[WhiteTeam "Grasse Echecs"]
[BlackTeam "Bischwiller"]
[WhiteFideId "14608391"]
[BlackFideId "609404"]
[EventDate "2021.06.24"]

1. c4 g6 2. g3 Bg7 3. Bg2 e6 4. Nc3 Ne7 5. e4 c5 6. Nge2 Nbc6 7. d3 a6 8. Be3
Nd4 9. O-O Rb8 10. Rb1 Nec6 11. a3 d6 12. b4 e5 13. Qd2 O-O 14. f4 exf4 15. Bxf4
Nxe2+ 16. Nxe2 Ne5 17. Nc3 Be6 18. Nd5 cxb4 19. Rxb4 Bxd5 20. exd5 b5 21. Rfb1
Qc7 22. cxb5 Rxb5 23. Rc1 Qb6+ 24. Be3 Qa5 25. d4 Ng4 26. Bf4 Qxa3 27. Bxd6 Bh6
28. Rxb5 Qxd6 29. Qb4 Be3+ 0-1

[Event "TCh-FRA Top 12 2021"]
[Site "Chalons en Champagne FRA"]
[Date "2021.07.02"]
[Round "9.4"]
[Board "1"]
[White "Bluebaum, Matthias"]
[Black "Van Wely, Loek"]
[Result "1-0"]
[WhiteTitle "GM"]
[BlackTitle "GM"]
[WhiteElo "2669"]
[BlackElo "2620"]
[WhiteTeam "Philidor Mulhouse"]
[BlackTeam "Clichy Echecs 92"]
[WhiteFideId "24651516"]
[BlackFideId "1000268"]
[EventDate "2021.06.24"]

1. d4 Nf6 2. c4 g6 3. Nc3 d5 4. Bg5 Ne4 5. Bf4 Nxc3 6. bxc3 Bg7 7. e3 O-O 8. Nf3
c5 9. cxd5 cxd4 10. cxd4 Qxd5 11. Be2 Nc6 12. O-O Bf5 13. a3 Rfd8 14. Rc1 Qd7
15. Qb3 Be6 16. Qb1 Bf5 17. e4 Nxd4 18. Nxd4 Qxd4 19. Rc4 Bxe4 20. Rxd4 Rxd4 21.
Qc1 Bc6 22. Rd1 Rad8 23. Rxd4 Bxd4 24. Bf3 Bxf3 25. gxf3 Bb6 26. Be3 e6 27. Bg5
Rd5 28. Qc8+ Kg7 29. Be7 1-0

[Event "TCh-FRA Top 12 2021"]
[Site "Chalons en Champagne FRA"]
[Date "2021.07.02"]
[Round "9.4"]
[Board "2"]
[White "Van Foreest, Jorden"]
[Black "Heimann, Andreas"]
[Result "1-0"]
[WhiteTitle "GM"]
[BlackTitle "GM"]
[WhiteElo "2701"]
[BlackElo "2599"]
[WhiteTeam "Clichy Echecs 92"]
[BlackTeam "Philidor Mulhouse"]
[WhiteFideId "1039784"]
[BlackFideId "24624632"]
[EventDate "2021.06.24"]

1. e4 e5 2. Nf3 Nf6 3. Nxe5 d6 4. Nf3 Nxe4 5. Nc3 Nxc3 6. dxc3 Be7 7. Be3 O-O 8.
Qd3 Nc6 9. O-O-O Be6 10. h4 Qd7 11. Be2 Rae8 12. Ng5 f5 13. Nxe6 Qxe6 14. Qb5
Ne5 15. Kb1 f4 16. Bd4 Kh8 17. Qxb7 Bf6 18. Qa6 c5 19. Bxe5 Bxe5 20. Bc4 Qg4 21.
Bd5 Rb8 22. Qd3 a5 23. a3 Qd7 24. Ka2 Qe7 25. h5 h6 26. Qg6 Rf6 27. Qe4 Qe8 28.
Rd3 Qb5 29. Rb1 Qe8 30. Rh3 g5 31. hxg6 Qxg6 32. Qa4 1-0

[Event "TCh-FRA Top 12 2021"]
[Site "Chalons en Champagne FRA"]
[Date "2021.07.02"]
[Round "9.4"]
[Board "3"]
[White "Gajewski, Grzegorz"]
[Black "Hamdouchi, Hicham"]
[Result "1/2-1/2"]
[WhiteTitle "GM"]
[BlackTitle "GM"]
[WhiteElo "2603"]
[BlackElo "2561"]
[WhiteTeam "Philidor Mulhouse"]
[BlackTeam "Clichy Echecs 92"]
[WhiteFideId "1116207"]
[BlackFideId "9000011"]
[EventDate "2021.06.24"]

1. d4 d5 2. c4 c6 3. Nc3 Nf6 4. e3 e6 5. Nf3 Nbd7 6. Qc2 Bd6 7. b3 O-O 8. Bd3 e5
9. cxd5 cxd5 10. Nb5 Bb4+ 11. Bd2 Bxd2+ 12. Nxd2 e4 13. Be2 a6 14. Nc3 Nb8 15.
b4 Nc6 16. Qb3 Qd6 17. Rb1 Ne7 18. O-O Bg4 19. h3 Bxe2 20. Nxe2 h5 21. a4 b6 22.
Rfc1 Rfc8 23. a5 Rxc1+ 24. Rxc1 bxa5 25. bxa5 Rb8 26. Qa2 h4 27. Nb3 Qb4 28. Nc5
Rb5 29. Nc3 Qxa5 30. Qxa5 Rxa5 31. Kf1 Ra3 32. Ke1 Nf5 33. Kd2 Nd6 34. Kc2 g5
35. N5a4 Kg7 36. Rf1 Kg6 37. Nb6 Nb5 38. Nbxd5 Nxd5 39. Nxd5 f5 40. Kb2 Rd3 41.
Ra1 Rd2+ 42. Kb3 Rxf2 43. Rxa6+ Kg7 44. Rb6 Nxd4+ 45. exd4 Rxg2 46. Kc4 Rc2+ 47.
Nc3 g4 48. Rb7+ Kg6 49. d5 gxh3 50. Rb1 h2 51. Kd4 Kf6 52. Nxe4+ fxe4 53. Kxe4
Rg2 54. Rh1 h3 55. Kf4 Ke7 56. Ke4 Kf6 57. Kf4 Kg6 58. d6 Kf6 59. Re1 Rd2 60.
Kg3 Rg2+ 1/2-1/2

[Event "TCh-FRA Top 12 2021"]
[Site "Chalons en Champagne FRA"]
[Date "2021.07.02"]
[Round "9.4"]
[Board "4"]
[White "Tregubov, Pavel V."]
[Black "Istratescu, Andrei"]
[Result "1/2-1/2"]
[WhiteTitle "GM"]
[BlackTitle "GM"]
[WhiteElo "2557"]
[BlackElo "2553"]
[WhiteTeam "Clichy Echecs 92"]
[BlackTeam "Philidor Mulhouse"]
[WhiteFideId "4115341"]
[BlackFideId "1200372"]
[EventDate "2021.06.24"]

1. e4 c6 2. Nc3 d5 3. Nf3 Bg4 4. h3 Bxf3 5. Qxf3 e6 6. g3 Nd7 7. Bg2 Ngf6 8. d4
Nxe4 9. Nxe4 dxe4 10. Qxe4 g6 11. O-O Bg7 12. Rd1 O-O 13. Qe2 Re8 14. Be3 Qe7
15. c4 Nf6 16. Rac1 a6 17. Bd2 Rad8 18. Ba5 Rd7 19. a4 e5 20. Qxe5 Qxe5 21. dxe5
Rxe5 22. b4 Bf8 23. b5 axb5 24. cxb5 cxb5 25. Bc3 Re6 26. axb5 b6 27. Bc6 Rdd6
28. Ra1 Ne4 29. Rxd6 1/2-1/2

[Event "TCh-FRA Top 12 2021"]
[Site "Chalons en Champagne FRA"]
[Date "2021.07.02"]
[Round "9.4"]
[Board "6"]
[White "Kosteniuk, Alexandra"]
[Black "Gatineau, Yovann"]
[Result "1-0"]
[WhiteTitle "GM"]
[BlackTitle "IM"]
[WhiteElo "2472"]
[BlackElo "2401"]
[WhiteTeam "Clichy Echecs 92"]
[BlackTeam "Philidor Mulhouse"]
[WhiteFideId "4128125"]
[BlackFideId "26028999"]
[EventDate "2021.06.24"]

1. e4 e5 2. Nf3 Nc6 3. Bb5 a6 4. Ba4 Nf6 5. d3 b5 6. Bb3 h6 7. Nc3 d6 8. a4 b4
9. Nd5 Na5 10. Ba2 Rb8 11. O-O Be6 12. d4 b3 13. cxb3 Nxd5 14. exd5 Bxd5 15.
dxe5 c6 16. Re1 Be7 17. b4 Rxb4 18. Bxd5 cxd5 19. Bd2 Re4 20. exd6 Bf6 21. d7+
Kf8 22. Bb4+ Qe7 23. d8=Q# 1-0

[Event "TCh-FRA Top 12 2021"]
[Site "Chalons en Champagne FRA"]
[Date "2021.07.02"]
[Round "9.4"]
[Board "7"]
[White "Herb, Pascal"]
[Black "Libiszewski, Fabien"]
[Result "0-1"]
[WhiteTitle "FM"]
[BlackTitle "GM"]
[WhiteElo "2228"]
[BlackElo "2510"]
[WhiteTeam "Philidor Mulhouse"]
[BlackTeam "Clichy Echecs 92"]
[WhiteFideId "600202"]
[BlackFideId "616834"]
[EventDate "2021.06.24"]

1. e4 c5 2. Nf3 Nc6 3. d4 cxd4 4. Nxd4 e5 5. Nb5 d6 6. c4 Be6 7. N1c3 a6 8. Na3
g6 9. Nc2 Nf6 10. Bd3 Bg7 11. O-O O-O 12. Re1 Rc8 13. Nd5 Nd7 14. Bf1 f5 15.
exf5 gxf5 16. g3 Kh8 17. Nf4 Bf7 18. Nh5 Bxh5 19. Qxh5 e4 20. f4 d5 21. cxd5 Nf6
22. Qd1 Nxd5 23. Kh1 Ncb4 24. Nd4 Qf6 25. a3 Qxd4 26. Qxd4 Bxd4 27. axb4 Nxb4
28. Rd1 Rfd8 29. Bd2 Nc2 30. Rac1 Bxb2 31. Rb1 Bg7 32. Ba5 Rxd1 33. Rxd1 Ne3 0-1

[Event "TCh-FRA Top 12 2021"]
[Site "Chalons en Champagne FRA"]
[Date "2021.07.02"]
[Round "9.4"]
[Board "8"]
[White "Benmesbah, Natacha"]
[Black "Navrotescu, Andreea"]
[Result "1-0"]
[WhiteTitle "WIM"]
[BlackTitle "WIM"]
[WhiteElo "2223"]
[BlackElo "2253"]
[WhiteTeam "Clichy Echecs 92"]
[BlackTeam "Philidor Mulhouse"]
[WhiteFideId "642002"]
[BlackFideId "675946"]
[EventDate "2021.06.24"]

1. e4 e6 2. d3 d5 3. Qe2 Nf6 4. Nf3 Nc6 5. e5 Nd7 6. g3 f6 7. exf6 Qxf6 8. Bh3
Nde5 9. Nxe5 Qxe5 10. Qxe5 Nxe5 11. f4 Nc6 12. Nc3 Nd4 13. Kd1 Bd7 14. Be3 c5
15. Bxd4 cxd4 16. Ne2 Bc5 17. Re1 O-O 18. a3 a5 19. Ng1 Ra6 20. Nf3 a4 21. Bg4
h6 22. h4 Rb8 23. Re2 Rd6 24. Kd2 Rb6 25. Kc1 Rd6 26. Kb1 b5 27. b4 axb3 28.
cxb3 Bb6 29. Kb2 Rc8 30. Rc1 Rxc1 31. Kxc1 Kf8 32. Kb2 Bc8 33. b4 Rc6 34. Rc2
Rxc2+ 35. Kxc2 Ke7 36. h5 Bd7 37. Kb3 Kf6 38. Kc2 Be8 39. Kd2 g6 40. hxg6 Bxg6
41. Ke2 h5 42. Bh3 Bf5 43. Bxf5 Kxf5 44. Nh4+ Kg4 45. Kf2 Bd8 46. Nf3 h4 47.
Ne5+ Kf5 48. Nc6 Bb6 49. Kf3 hxg3 50. Kxg3 e5 51. fxe5 Ke6 52. Kf4 Kd7 53. Na5
Ke6 54. Nb3 Ba7 55. Nc5+ Ke7 56. Kf5 Bb6 57. Nb7 Bc7 58. Nd6 1-0

[Event "TCh-FRA Top 12 2021"]
[Site "Chalons en Champagne FRA"]
[Date "2021.07.02"]
[Round "9.5"]
[Board "1"]
[White "Fantinel, Thibault"]
[Black "Solodovnichenko, Yuri"]
[Result "0-1"]
[WhiteTitle "IM"]
[BlackTitle "GM"]
[WhiteElo "2380"]
[BlackElo "2546"]
[WhiteTeam "Echiquier Agenais"]
[BlackTeam "Vandoeuvre Echecs"]
[WhiteFideId "663395"]
[BlackFideId "14104369"]
[EventDate "2021.06.24"]

1. e4 c5 2. Nf3 e6 3. g3 Nc6 4. Bg2 Nf6 5. Qe2 e5 6. O-O Be7 7. c3 d6 8. Rd1 Qb6
9. Na3 O-O 10. Nc4 Qa6 11. d3 Re8 12. Bg5 Nd7 13. Bxe7 Nxe7 14. a4 Ng6 15. b4
Qc6 16. Nfd2 Qc7 17. Ne3 Nf6 18. bxc5 Qxc5 19. Ndc4 Be6 20. Rdb1 Rab8 21. Rb5
Qc7 22. a5 Ne7 23. Rab1 Bd7 24. R5b3 Bc6 25. Qb2 Rbd8 26. Qa3 h6 27. R1b2 g6 28.
Rb1 Kg7 29. h4 Qd7 30. d4 exd4 31. cxd4 Nxe4 32. d5 Nxd5 33. Qa1+ Kg8 34. Qd4
Nxe3 35. Nxe3 Qe6 36. Rxb7 Bxb7 37. Rxb7 Nxg3 38. Qxa7 Ne2+ 39. Kf1 Nf4 0-1

[Event "TCh-FRA Top 12 2021"]
[Site "Chalons en Champagne FRA"]
[Date "2021.07.02"]
[Round "9.5"]
[Board "2"]
[White "Hamitevici, Vladimir"]
[Black "Kirk, Ezra"]
[Result "1-0"]
[WhiteTitle "GM"]
[BlackTitle "IM"]
[WhiteElo "2456"]
[BlackElo "2447"]
[WhiteTeam "Vandoeuvre Echecs"]
[BlackTeam "Echiquier Agenais"]
[WhiteFideId "13902393"]
[BlackFideId "600067"]
[EventDate "2021.06.24"]

1. d4 Nf6 2. c4 e6 3. g3 d5 4. Nf3 dxc4 5. Bg2 a6 6. O-O Nc6 7. e3 Rb8 8. Nfd2
Qd7 9. Nxc4 b5 10. Ncd2 Be7 11. Nb3 O-O 12. a3 Rd8 13. Qc2 Bb7 14. Bd2 e5 15.
Rc1 e4 16. Nc5 Bxc5 17. Qxc5 Qe6 18. Qc2 h5 19. h4 Re8 20. Nc3 Na5 21. d5 Qf5
22. Nxe4 Rxe4 23. Bxa5 Qxd5 24. Bc3 Rbe8 25. Bxf6 gxf6 26. Bxe4 Rxe4 27. Qc5 Qb3
28. Qxc7 Bd5 29. Qc2 1-0

[Event "TCh-FRA Top 12 2021"]
[Site "Chalons en Champagne FRA"]
[Date "2021.07.02"]
[Round "9.5"]
[Board "3"]
[White "Louis, Thibault"]
[Black "Brunner, Nicolas"]
[Result "1/2-1/2"]
[WhiteTitle "FM"]
[BlackTitle "IM"]
[WhiteElo "2269"]
[BlackElo "2418"]
[WhiteTeam "Echiquier Agenais"]
[BlackTeam "Vandoeuvre Echecs"]
[WhiteFideId "681369"]
[BlackFideId "620246"]
[EventDate "2021.06.24"]

1. e4 c5 2. Nf3 d6 3. Bb5+ Nd7 4. d4 cxd4 5. Qxd4 a6 6. Bxd7+ Bxd7 7. c4 b5 8.
Nc3 e5 9. Qd3 bxc4 10. Qxc4 Be6 11. Qc6+ Bd7 12. Qc4 Be6 13. Qc6+ 1/2-1/2

[Event "TCh-FRA Top 12 2021"]
[Site "Chalons en Champagne FRA"]
[Date "2021.07.02"]
[Round "9.5"]
[Board "4"]
[White "Philippe, Christophe"]
[Black "Ternault, Mathieu"]
[Result "1/2-1/2"]
[WhiteTitle "IM"]
[BlackTitle "FM"]
[WhiteElo "2386"]
[BlackElo "2308"]
[WhiteTeam "Vandoeuvre Echecs"]
[BlackTeam "Echiquier Agenais"]
[WhiteFideId "610038"]
[BlackFideId "20641532"]
[EventDate "2021.06.24"]

1. e4 e6 2. d4 d5 3. Nc3 Nf6 4. Bg5 Bb4 5. Ne2 dxe4 6. a3 Be7 7. Qd2 Nbd7 8.
O-O-O a6 9. Ng3 h6 10. Be3 Nb6 11. Kb1 Bd7 12. Ngxe4 Nxe4 13. Nxe4 Bb5 14. Bd3
Bxd3 15. Qxd3 Qd5 16. f3 O-O-O 17. Bc1 f5 18. Nc3 Qc6 19. Na2 Kb8 20. Rhe1 Rhe8
21. b3 Bf6 22. Bb2 Qd7 23. Qe2 Qb5 24. Rd3 Qd7 25. g3 Qc8 26. Nc1 a5 27. a4 Nd5
28. Na2 Nb4 29. Nxb4 axb4 30. Qd2 Be7 31. Rde3 Bf8 32. Qe2 Rd6 33. Re5 Qd7 34.
Rxf5 c6 35. Re5 g5 36. Re4 Qf7 37. f4 Qg6 38. Qg4 Ka7 39. fxg5 Qxg5 40. h4 Qe7
41. Qe2 Ka8 42. Ka2 Qf7 43. g4 Qe7 44. Qh2 Qd8 45. h5 Bg7 46. Qf2 Qd7 47. R1e2
Rd8 48. Qe1 Bxd4 49. Qxb4 Bxb2 50. Kxb2 Re8 51. Qa5+ Kb8 52. Qe5 Ka8 53. Qc3 Rf8
54. Re5 Qe7 55. Ra5+ Kb8 56. Rae5 Ka8 57. a5 Rf1 58. Re1 Qf6 59. Rxf1 Qxf1 60.
g5 Qf4 61. gxh6 Qxh6 62. Qe3 Qh8 63. Ka2 Rd1 64. Qe2 Rc1 65. Kb2 Rh1 66. a6 Qh6
67. axb7+ Kxb7 68. Qe3 Qxe3 69. Rxe3 Rxh5 70. Rxe6 Rh3 71. Ka3 Rc3 72. Re2 Kb6
73. Kb4 Rh3 74. Re6 Rh4+ 75. c4 Rg4 76. Rh6 Rf4 77. Rh3 c5+ 78. Ka4 Rf6 79. Rh8
Rg6 80. Rb8+ Kc6 81. Ka5 Rg3 82. Rb6+ Kc7 83. Ka6 Rf3 84. Rb7+ Kc6 85. Rb5 Rg3
86. Rb8 Rh3 87. Rc8+ Kd6 88. Rb8 Kc6 89. Ka5 Rg3 90. Ka4 Rg1 91. Ka3 Rg3 92. Rh8
Rg6 93. Rc8+ Kb6 94. Rb8+ Kc6 95. Rc8+ Kb6 96. Rb8+ 1/2-1/2

[Event "TCh-FRA Top 12 2021"]
[Site "Chalons en Champagne FRA"]
[Date "2021.07.02"]
[Round "9.5"]
[Board "5"]
[White "Boukhris-Ferre, Yacine"]
[Black "Savina, Anastasia"]
[Result "0-1"]
[BlackTitle "IM"]
[WhiteElo "2185"]
[BlackElo "2333"]
[WhiteTeam "Echiquier Agenais"]
[BlackTeam "Vandoeuvre Echecs"]
[WhiteFideId "697087"]
[BlackFideId "4196872"]
[EventDate "2021.06.24"]

1. e4 e5 2. Nf3 Nc6 3. Bc4 Bc5 4. b4 Bxb4 5. c3 Be7 6. d4 Na5 7. Be2 d6 8. Qa4+
c6 9. dxe5 dxe5 10. Nxe5 Qc7 11. Nf3 Nf6 12. e5 Nd7 13. Qg4 g6 14. Bf4 Qb6 15.
Nbd2 h5 16. Qh3 Nxe5 17. g4 Bxg4 18. Qg3 h4 19. Qg2 Nxf3+ 20. Nxf3 Bf5 21. Nd4
O-O-O 22. O-O Bf6 23. Be3 Qc7 24. Qf3 Bxd4 25. Bxd4 Rhe8 26. Bxa7 Rxe2 27. Qxe2
Bd3 28. Qg4+ f5 29. Qb4 Nc4 30. Rfd1 Qf4 31. Rxd3 Rxd3 32. Re1 Qg4+ 33. Kh1 Qf3+
34. Kg1 Qg4+ 35. Kh1 Ne5 36. Bb6 Qxb4 37. cxb4 Nf7 38. Kg2 h3+ 39. Kf1 Kd7 40.
Ke2 Ra3 41. Rd1+ Ke6 42. Rd2 Nd6 43. Rc2 Nb5 44. Be3 f4 45. Bc5 g5 46. f3 Rxa2
47. Rxa2 Nc3+ 48. Kd3 Nxa2 49. Kc2 b6 50. Bf8 Kd5 51. Be7 Kc4 52. Bxg5 Nxb4+ 53.
Kd2 Nd5 0-1

[Event "TCh-FRA Top 12 2021"]
[Site "Chalons en Champagne FRA"]
[Date "2021.07.02"]
[Round "9.5"]
[Board "6"]
[White "Thomas, Anysia"]
[Black "Domenech, Vianney"]
[Result "1/2-1/2"]
[WhiteTitle "WFM"]
[WhiteElo "2175"]
[BlackElo "2265"]
[WhiteTeam "Vandoeuvre Echecs"]
[BlackTeam "Echiquier Agenais"]
[WhiteFideId "670472"]
[BlackFideId "656089"]
[EventDate "2021.06.24"]

1. d4 e6 2. c4 b6 3. e4 Bb4+ 4. Bd2 Bxd2+ 5. Nxd2 d5 6. Ngf3 dxe4 7. Nxe4 Bb7 8.
Nc3 Nf6 9. Be2 O-O 10. O-O Qe7 11. Re1 Rd8 12. Qc2 c5 13. d5 exd5 14. cxd5 Qf8
15. Bc4 Na6 16. Rad1 Nc7 17. Ng5 Rd6 18. Nce4 Nxe4 19. Qxe4 Rg6 20. Qf4 Ne8 21.
Re3 h6 22. Ne4 Rd8 23. Rg3 Rxg3 24. Qxg3 Nd6 25. Nxd6 Qxd6 26. Qh4 Re8 27. Qh5
Re5 28. Qf3 Bc8 29. h3 Bd7 30. Qg3 b5 31. Bd3 g6 32. Be4 Kg7 33. Bf3 a5 34. Kh2
Qf6 35. b3 Qe7 36. Qf4 Qf6 37. Qxf6+ Kxf6 38. Rc1 Ke7 39. Rxc5 Kd6 40. Rc2 b4
41. Rc1 Re8 42. Kg3 Rc8 43. Rxc8 Bxc8 44. Kf4 Bb7 45. Ke3 Bxd5 46. Bxd5 Kxd5 47.
g3 h5 1/2-1/2